| 000 | 00584nam a22001817a 4500 | ||
|---|---|---|---|
| 005 | 20231114135851.0 | ||
| 008 | 231114b |||||||| |||| 00| 0 eng d | ||
| 020 | _a0409057703 ; 040905769 X | ||
| 041 | _aEnglish | ||
| 082 | _a344.5 STU | ||
| 100 |
_aStuart, KW _lEnglish |
||
| 245 |
_aKelsey Stuart's: The Newspaperman's Guide to the Law / _cKW Stuart |
||
| 250 | _aFifth Edition | ||
| 260 |
_aDurban : _bButterworth Publisher (Pty) Ltd, _c1990 |
||
| 300 |
_bvii, 352 pages ; _c25,4 cm. |
||
| 650 |
_aLegal practice _bLaw |
||
| 942 |
_cBK _6ALISON_BN_VRIES |
||
| 999 |
_c635 _d635 |
||